|
|
|
|
| LEADER |
00567nam a22001697a 4500 |
| 005 |
20151026133056.0 |
| 008 |
111110t xxu||||| |||| 00| 0 eng d |
| 080 |
|
|
|a 658.87:004
|b SUR
|
| 100 |
|
|
|a Suresh, K., ed.
|e ed.by
|9 17955
|
| 245 |
|
|
|a IT-enabled retailing
|
| 300 |
|
|
|a viii, 208p.
|
| 653 |
|
|
|a Sales management
|a Marketing
|
| 942 |
|
|
|c BK
|6 _
|
| 260 |
|
|
|a Hyderabad
|b ICFAI
|c 2005
|9 17956
|
| 020 |
|
|
|a 8178815249
|
| 999 |
|
|
|c 62678
|d 62678
|
| 952 |
|
|
|0 0
|1 0
|2 udc
|4 0
|6 65887004_SUR
|7 0
|9 75204
|a UL
|b UL
|c GEN
|d 2011-11-10
|l 1
|o 658.87:004 SUR
|p 00059906
|r 2012-01-06
|s 2011-12-16
|w 2011-11-10
|y BK
|